Top 10 najlepiej zarabiających firm w Polsce - Statystyki

Ogólne statystyki
  • Ten quiz został rozwiązany 31 razy
  • Średni wynik to 3 z 10
Statystyki odpowiedzi
Przychody ze sprzedaży w tys. zł Firma % Poprawnych
277 564 000 Polski Koncern Naftowy Orlen SA GK
84%
85 034 775 Jeronimo Martins Polska SA
68%
33 310 000 Lidl sp. z o.o. sp.k.
56%
73 435 000 PGE Polska Grupa Energetyczna GK SA
32%
33 847 000 KGHM Polska Miedź SA GK
28%
41 893 000 PZU SA GK
24%
30 857 665 Eurocash SA GK
0%
33 626 527 LG Energy Solution Wrocław sp. z o.o.
0%
36 311 000 Tauron Polska Energia SA GK
0%
39 405 388 Totalizator Sportowy sp. z o.o.
0%
Nie znaleziono quizów pasujących do podanych kryteriów
Rozkład punktacji
Procent ludzi z każdym wynikiem
Percentyl według liczby udzielonych odpowiedzi
Twoja historia wyników
Nie rozwiązałeś tego quizu